000 01160nam a2200301 4500
003 EG-GICUC
005 20260121101647.0
008 260105m19981999ua ||||fr|||| 00| 0 ara d
040 _a EG-GICUC
_bara
_c EG-GICUC
_d EG-GICUC
_erda
041 0 _aara
082 0 4 _221
_a345.7
_bس ع . ع
092 0 4 _221
099 _aLaw1 07 345.7 س ع . ع 1999
100 0 _aسعاد الشرقاوي
_eمؤلف.
245 1 2 _aالعقود الإدارية /
_cسعاد الشرقاوي.
264 1 _aالقاهرة :
_bدار النهضة العريية،
_c1999.
300 _a374 صفحة ؛
_c24 سم.
336 _2rda content
_atext
337 _2rda media
_aComputer
338 _2rda carrier
_aOnline Resource
500 _aيحتوي على ملحق قانون رقم 89 لسنة 1998
504 _aيحتوي على ارجاعات ببليوجرافية
546 _aالنص أغلبه باللغة العربية مع بعض النصوص الفرنسية
650 1 4 _aالعقود الإدارية
_xالقانون الاداري
856 4 0 _uhttps://fll.law.cu.edu.eg/fulltext/bks/B07-02463.pdf
905 _a75
942 _2ddc
_n0
_cBK
_e21
999 _c54532
_d54532